[Event "Berlin-ch Seniors op 23rd"]
[Site "Berlin"]
[Date "2007.02.13"]
[Round "9"]
[White "Tuerk, Bernhard"]
[Black "Koeckeritz, Dieter"]
[Result "0-1"]
[WhiteElo "1387"]
[BlackElo "1541"]
[PlyCount "62"]
[EventDate "2007.02.05"]
[EventType "swiss"]
[EventRounds "9"]
[EventCountry "GER"]
[SourceTitle "EXT 2022"]
[Source "ChessBase"]
[SourceDate "2021.10.06"]
[SourceVersion "1"]
[SourceVersionDate "2021.10.06"]
[SourceQuality "1"]

1. e4 g6 2. Nf3 d6 3. d4 Bg7 4. Be3 Nf6 5. Nc3 c6 6. Bd3 0-0 7. 0-0 Nbd7 8. e5 dxe5 9. Nxe5 Nxe5 10. dxe5 Ng4 11. Bf4 Nxe5 12. Bxe5 Bxe5 13. Qd2 Bf5 14. Rad1 Bxd3 15. cxd3 Qc7 16. g3 Rad8 17. Ne2 Rd7 18. d4 Rfd8 19. Qc3 Bg7 20. Rd3 e5 21. Rfd1 e4 22. Re3 Re7 23. b3 Bh6 24. f4 exf3 25. Rxe7 Qxe7 26. Qxf3 Qa3 27. Rf1 Qe7 28. Kg2 Re8 29. Rf2 Qe4 30. Kh3 Qxf3 31. Rxf3 Rxe2 0-1

[Event "Berlin-ch Seniors op 23rd"]
[Site "Berlin"]
[Date "2007.02.06"]
[Round "2"]
[White "Tuerk, Bernhard"]
[Black "Mellenthin, Horst"]
[Result "0-1"]
[WhiteElo "1387"]
[BlackElo "1649"]
[PlyCount "80"]
[EventDate "2007.02.05"]
[EventType "swiss"]
[EventRounds "9"]
[EventCountry "GER"]
[SourceTitle "EXT 2022"]
[Source "ChessBase"]
[SourceDate "2021.10.06"]
[SourceVersion "1"]
[SourceVersionDate "2021.10.06"]
[SourceQuality "1"]

1. e4 c6 2. Nf3 d5 3. exd5 cxd5 4. d4 Nf6 5. Nc3 Nc6 6. Bb5 Bd7 7. Bxc6 Bxc6 8. 0-0 e6 9. Bg5 Be7 10. Re1 0-0 11. Ne5 Rc8 12. a3 Nd7 13. Nxc6 bxc6 14. Bf4 c5 15. Ne2 Qb6 16. dxc5 Bxc5 17. Bg3 Qxb2 18. Qd3 Ne5 19. Bxe5 Qxe5 20. Ng3 Qd4 21. Qxd4 Bxd4 22. Ra2 Rb8 23. Ne2 Bf6 24. g3 Rfc8 25. Rc1 Rb2 26. Rxb2 Bxb2 27. Rb1 Rxc2 28. Kf1 Bxa3 29. Rb8+ Bf8 30. Nd4 Rc7 31. Nb5 Rd7 32. Ke2 f6 33. Rc8 Kf7 34. Ke3 Be7 35. f4 Bd8 36. Kd3 Bb6 37. Nd4 Rc7 38. Rf8+ Kxf8 39. Nxe6+ Ke7 40. Nxc7 Bxc7 0-1